Vista normal
Vista MARC
Entrada Término temático
Número de registros utilizados en: 60
001 - NÚMERO DE CONTROL
- campo de control: 1522
003 - IDENTIFICADOR DEL NÚMERO DE CONTROL
- campo de control: CO-MdUADB
005 - FECHA Y HORA DE LA ÚLTIMA TRANSACCIÓN
- campo de control: 20231212134110.0
008 - DATOS DE LONGITUD FIJA
- campo de control de longitud fija: 230418|| anz||babn a a|a d
040 ## - FUENTE DE LA CATALOGACIÓN
- Centro catalogador/agencia de origen: CO-MdUADB
- Centro/agencia transcriptor: CO-MdUADB
150 ## - ENCABEZAMIENTO--TÉRMINO DE MATERIA
- Término de materia o nombre geográfico como elemento de entrada: Obesidad
- Subdivisión general: Aspectos psicológicos
450 ## - TRAZADO DE VÉASE--TÉRMINO DE MATERIA
- Término de materia o nombre geográfico como elemento de entrada: Obesity
- Subdivisión general: Psychological aspects

